| 000 | 01580nam0a22003131 4500 | ||
|---|---|---|---|
| 001 | rc\3301067 | ||
| 005 | 20130115145810.5 | ||
| 021 |
_aRU _bРг10457-72 |
||
| 021 |
_aRU _b72-30107 |
||
| 035 | _a(NLR Aleph) 007408852 | ||
| 090 |
_a6793339 _c6793339 |
||
| 100 | _a20130115d1972 |||y0rusy50 ca | ||
| 101 | 0 | _arus | |
| 102 | _aRU | ||
| 105 | _ay z ||||| | ||
| 200 | 1 |
_aXXIV съезд КПСС об актуальных проблемах современного общественного развития _e[Учеб. пособие] _fПод ред. В.П. Гулина _gВысш. воен.-мор. инж. ордена Ленина училище им. Ф.Э. Дзержинского |
|
| 210 |
_aЛенинград _cБ. и. _d1972 |
||
| 215 |
_a132 с. _d23 |
||
| 300 | _aНа обороте тит. л. авт.: В.П. Гулин, А.М. Фальков, Г.К. Мифтиев [и др.] | ||
| 532 | 1 | 1 | _aДвадцать четвертый съезд Коммунистической партии Советского Союза об актуальных проблемах современного общественного развития |
| 701 | 1 |
_aФальков _bА. М. |
|
| 701 | 1 |
_aМифтиев _bГ. К. |
|
| 701 | 1 |
_aГулин _bВ. П. _gВасилий Петрович _4340 |
|
| 712 | 0 | 2 |
_aВысшее военно-морское инж. уч-ще им. Ф.Э.Дзержинского _cЛенинград _3RU\NLR\AUTH\889946338 |
| 801 | 0 |
_aRU _bNLR _gpsbo |
|
| 801 | 1 |
_aRU _bELAR _2rusmarc |
|
| 852 |
_aNLR _j72-5/1240 |
||
| 942 | _cBOOK | ||
| 980 | _aNB | ||